000
00353nam a2200109Ia 4500
008
090122s9999 xx 000 0 und d
082
_b
6515
_a
R : 65
245
_a
बाप रखुमादे विवरू
630
_a
बाप रखुमादे विवरू
730
_a
बाप रखुमादे विवरू
942
_c
BOOK
999
_c
30592
_d
30592